000 00528nam a22001457a 4500
020 _qPB.
040 _cFIZZA ISHAQ
082 _a330
_bCFA
100 _aINSTITUTE,CFA.
_9133802
245 _aECONOMICS CFA PROGRAM CURRICULUM /
_cCFA INSTITUTE.
250 _aVOLUME 2.
260 _aNEW YORK ;
_bPEARSON CUSTOM PUBLISHING,
_c2009.
300 _a486 P. ;
_c11.1X8.9IN
942 _2ddc
_cBK
999 _c617218
_d617218